000 02263nas a22002657a 4500
005 20260311142247.0
007 cr
008 260311c2010 ag |||p| |||| 00| 0 spa d
022 _a18534503
040 _cAR-FvUNAJ
245 1 0 _aRevista electrónica de fuentes y archivos /
_cCentro de estudios históricos prof. Carlos A. Segreti.
260 _aCórdoba (Argentina) :
_bCentro de estudios históricos prof. Carlos A. Segreti,
_c2010 -
300 _aEn linea
362 _aNo. 1 (2010) -
520 2 _aLa Revista Electrónica de Fuentes y Archivos (REFA) es una revista de historia en todas sus especializaciones y recortes temáticos, temporales y espaciales, con una mirada particular que busca reflexionar sobre la construcción del conocimiento histórico; los presupuestos teórico-metodológicos disciplinares; los desafíos, límites y posibilidades de las diversas fuentes históricas; los fondos y las condiciones de distintos repositorios y sus potencialidades para la investigación histórica. La Revista Electrónica de Fuentes y Archivos (REFA) tiene como objetivo promover el análisis crítico de la producción historiográfica local, regional, nacional e internacional, atendiendo especialmente a las líneas interpretativas, los modos de abordaje y los referentes conceptuales. Además, procura ser un espacio de análisis y discusión de las nuevas formas de interrogar a las fuentes a partir de los más recientes planteos teórico-metodológicos de la disciplina histórica. Asimismo, aspira a difundir y dar visibilidad al patrimonio documental albergado en diferentes repositorios públicos y privados.
650 2 7 _2unescot
_9600
_aHISTORIA
650 2 7 _2unescot
_94155
_aHISTORIA SOCIAL
650 2 7 _2unescot
_922088
_aHISTORIA DE LOS ARCHIVOS
710 2 _922087
_aCentro de estudios históricos prof. Carlos A. Segreti.
856 4 0 _uhttps://revistas.unc.edu.ar/index.php/refa/index
856 4 0 _uhttps://revistas.unc.edu.ar/index.php/refa/article/view/34091/34550
_yArchivos ferroviarios: recuperación y concientización. El caso del proyecto de extensión en archivística de la Universidad Nacional de Río Negro.
869 _a----
942 _2ddc
_cREV
980 _619227
_aLeticia Ana Abalos
_819227
_gLeticia Ana Abalos
999 _c11202
_d11202